| 000 | 00000cam 2200000zi 4500 |
| 001 | 9.871912 |
| 003 | CaOODSP |
| 005 | 20260216100547 |
| 006 | m o d f |
| 007 | cr ||||||||||| |
| 008 | 190423t20192019onc o f000 0 fre d |
| 020 | |a9780660306384 |
| 040 | |aCaOODSP|bfre|erda|cCaOODSP |
| 043 | |an-cn--- |
| 086 | 1 |aH164-275/2019F-PDF |
| 245 | 00|aPolitique de gestion des demandes d’homologation de produits de santé naturels. |
| 250 | |a[Édition de 2019]. |
| 264 | 1|a[Ottawa] : |bSanté Canada = Health Canada, |c2019. |
| 264 | 4|c©2019 |
| 300 | |a1 ressource en ligne (47 pages) |
| 336 | |atexte|btxt|2rdacontent/fre |
| 337 | |ainformatique|bc|2rdamedia/fre |
| 338 | |aressource en ligne|bcr|2rdacarrier/fre |
| 500 | |aPublié aussi en anglais sous le titre : Natural health products management of applications policy. |
| 500 | |aTitre de la couverture. |
| 500 | |a« Date d'adoption 2019-04-12; date d'entrée en vigueur 2019-06-01. » |
| 650 | 6|aProduits de santé naturels|xPolitique gouvernementale|zCanada. |
| 650 | 6|aProduits de santé naturels|xSécurité|xRèglements|zCanada. |
| 710 | 1 |aCanada. |bSanté Canada, |eorganisme de publication. |
| 775 | 08|tNatural health products management of applications policy.|w(CaOODSP)9.871911 |
| 794 | |tPolitique de gestion des demandes d'homologation de produits de santé naturels.|b[Édition de 2025]|w(CaOODSP)9.957330 |
| 856 | 40|qPDF|s823 Ko|uhttps://publications.gc.ca/collections/collection_2019/sc-hc/H164-275-2019-fra.pdf |
| 986 | |aPub. : 190009 |